Novoročný kolotoč roztočil Hraško

Bibliographic Details
Format: Article
Language:Slovak
Subjects:

MARC

LEADER 00000nab a2200000 a 4500
001 vtls009177959
003 SK-MaSNL
005 20260303174821.0
008 080125c20080123xo mr| 0 0slo
038 |a RVGKPD 
040 |a RVGKPD  |b slo  |c RVGKPD  |e AACR2 
041 |a slo 
044 |a xo  |c SK 
080 |a 796.52  |2 1997 
245 0 0 |a Novoročný kolotoč roztočil Hraško  |c [autor] (zub) 
611 1 7 |a Slovenský pohár v lezení na umelej stene  |d (2008 :  |c Rožňava, Slovensko)  |2 rvgkpd  |9 1202736 
650 0 7 |a lezenie na umelých stenách   |2 rvgkpd  |9 111238 
651 7 |a Rožňava (Slovensko)  |2 rvgkpd  |9 17394 
773 0 |t Gemerský korzár  |g Roč. X, č. 19 (23.1.2008), s. 10  |x 1335-7581 
852 |a RVGKPD  |b KIS3G 
992 |a RBX 
999 |c 2098705  |d 2100635